000 01630cam a2200277 4500
001 L136160
008 070115n2006 000 0 eng u
035 _a(Sirsi) u136160
041 0 _aeng
100 1 _aCookson, Simon
245 0 0 _aReal Estate 2006
260 _c2006
490 0 _aInternational Comparative Legal Guide Series
505 1 _aLiquidity, transparency and flexibility in UK and European real estate -- Effective application of the new ASTM Standard Practice for Environmental Site Assessments -- Aspects of taking and enforcing security over land in England, France, Germany, Italy and Spain
520 _aDiscusses how excess market liquidity increased the number of investors prepared to take advantage of the interest rate arbitrage that real estate presents at this stage in the cycle. Discusses the American Society of Testing and Materials Standard Practice for Environmental Site Assessments, which has provided practitioners around the world with a defined methodology for conducting environmental due diligence reviews. Discusses how real estate is the one most often mentioned as having the greatest divergence between jurisdictions amongst all aspects of law. Country chapters focus on policies from 39 different political entities.
590 _aKA
651 4 _aInternational
690 _aPlanning and development
_96259
690 _aBlock management
_96220
700 1 _aSteeds, Jonathan
700 1 _aFahey, John
700 1 _aFordham, John
700 1 _aWiemann, Martin
856 4 0 _uhttps://www.iclg.co.uk/
_zView the item free of charge at www.iclg.co.uk/...
942 _n0
999 _c106333
_d106333